| 000 | 00618nam a2200229Ia 4500 | ||
|---|---|---|---|
| 003 | OSt | ||
| 005 | 20221005120419.0 | ||
| 006 | a|||||r|||| 00| 0 | ||
| 007 | ta | ||
| 008 | 221004b |||||||| |||| 00| 0 eng d | ||
| 024 | _a54748 | ||
| 037 | _cTextual | ||
| 040 |
_aCRL _cCRL _beng |
||
| 041 |
_2eng _aeng |
||
| 082 | _aV2r3:M12, E7.1-.3 | ||
| 100 |
_aYirminger Ed. _9629115 |
||
| 245 | 0 |
_aEast India Company affairs _b Fifth report 1917-8 House of commons. |
|
| 260 | _c1917 | ||
| 650 | _aPHILOSOPHY | ||
| 942 |
_hV2r3:M12, E7.1-.3 _cTEXL _2cc |
||
| 999 |
_c1037940 _d1037940 |
||